| 000 | 00755cam a2200229 a 4500 | ||
|---|---|---|---|
| 003 | CO-ViMGA | ||
| 008 | 060607s2004 ck r 000 0 spa d | ||
| 020 | _a9789582007836 | ||
| 040 |
_aCO-ViMGA _bspa _cCO-ViMGA |
||
| 082 | 0 | 4 |
_a372.832 _bM14 _220 |
| 100 | 1 |
_aMagendzo Kolestein, Abraham _d1934- _91087 |
|
| 245 | 1 | 0 |
_aFormación ciudadana _cAbraham Magendzo Kolestein _bCultura democrática |
| 250 | _a20 ed. | ||
| 260 |
_aBogotá _bCooperativa Editorial Magisterio _c2004. |
||
| 300 |
_a120 p. _c24 |
||
| 504 | _aIncluye referencias bibliográficas. | ||
| 650 | 2 | 4 |
_aCiudadanía _xEnseñanza _91088 |
| 650 | 2 | 4 |
_aDerechos humanos _xEnseñanza _91089 |
| 650 | 2 | 4 |
_aEducación cívica _9473 |
| 700 | 1 |
_aAbraham Magendzo Kolestein _91090 |
|
| 942 |
_2ddc _cBK |
||
| 999 |
_c12193 _d12193 |
||